000 00314pab a2200121 454500
008 180718b xxu||||| |||| 00| 0 eng d
100 _aBhave, G.P.
245 _aNABARD - past role and future challenges
650 _a Agriculture
650 _aRural Development NABARD
773 _aFinancial Express
909 _a22763
999 _c22763
_d22763